000
00328 a2200109 4500
001
ART_42194
005
20260410161806.0
008
260409a
245
1
0
_a
Sobre qué nos adeuda el derecho concursal
100
1
_a
Vaiser, Lidia
773
0
_t
Doctrina Societaria y Concursal
_g
- Nº 298 (set. 2012)
_w
REV4298
999
_c
21038
_d
21038